| 000 | 01394cam a2200289 i 4500 | ||
|---|---|---|---|
| 003 | SA-RiAUC | ||
| 005 | 20241029133357.0 | ||
| 008 | 241027s1989 su g c 00000 ara c | ||
| 040 |
_aSA-RiAUC _bara _cSA-RiAUC _erda |
||
| 082 | 0 | 4 | _a224.3016 |
| 090 |
_a224.3016 _b م د ي |
||
| 100 | 1 |
_aالمديني، محمد بن عمر بن أحمد، _d501-581 هجري _eمؤلف. |
|
| 245 | 1 | 0 |
_aفهارس المجموع المغيث في غريبي القرآن والحديث. _nالجزء الرابع / _cلأبي موسى محمد بن أبي بكر بن أبي عيسى المدني الأصفهاني ؛ تحقيق عبد الكريم الغرباوي. |
| 250 | _aالطبعة الأولى. | ||
| 264 | 1 |
_aمكة المكرمة : _bجامعة أم القرى، مركز إحياء التراث الإسلامي، _c1989 |
|
| 300 |
_aمجلدات ؛ _c24 سم. |
||
| 336 |
_aنص _btxt _2rdacontent _3كتاب |
||
| 337 |
_aبدون وسيط _bn _2rdamedia |
||
| 338 |
_aمجلد _bnc _2rdacarrier |
||
| 440 | 0 | _aمن التراث الإسلامي | |
| 630 | 2 | 7 |
_aالقرآن _xغريب _vفهارس _2aucut |
| 650 | 7 |
_aغريب الحديث _vفهارس _2aucsh |
|
| 700 | 1 |
_aالغرباوي، عبد الكريم _eمحقق. |
|
| 740 | 2 | 2 | _aالمجموع المغيث في غريبي القرآن والحديث. |
| 942 |
_2ddc _cBOOK _n0 |
||
| 949 |
_aSA-JeALM _d241027 _umohamedma123 _n1 |
||
| 999 |
_c1809 _d1809 |
||